000 00531nam a2200229Ia 4500
003 OSt
005 20220912144326.0
006 a|||||r|||| 00| 0
007 ta
008 220909b |||||||| |||| 00| 0 eng d
020 _aSL01093017
024 _a190918
037 _cTextual
040 _aCSL
_beng
_cCSL
041 _aeng
082 _aB2893, N0;1
100 _akapoor vk
245 0 _aOperation research
700 _akapoor vk
942 _hB2893, N0;1
_cTEXL
_2CC
999 _c4963
_d4963